IFM Opac

flexible exchange rates and stabilization policy (Record no. 14924)

MARC details
000 -LEADER
fixed length control field 00299nam a22001097a 4500
020 ## - INTERNATIONAL STANDARD BOOK NUMBER
International Standard Book Number 0333218396
082 ## - DEWEY DECIMAL CLASSIFICATION NUMBER
Classification number 332.45 FLE
245 ## - TITLE STATEMENT
Title flexible exchange rates and stabilization policy
260 ## - PUBLICATION, DISTRIBUTION, ETC.
Place of publication, distribution, etc. London
Name of publisher, distributor, etc. The scandinavian journal of economocs
Date of publication, distribution, etc. 1977
300 ## - PHYSICAL DESCRIPTION
Extent vii, 280p.
Other physical details ill 23cm.
942 ## - ADDED ENTRY ELEMENTS (KOHA)
Koha item type Books
Holdings
Withdrawn status Lost status Source of classification or shelving scheme Damaged status Not for loan Home library Current library Shelving location Date acquired Full call number Barcode Date last seen Price effective from Koha item type
    Dewey Decimal Classification     IFM Main Campus Library IFM Main Campus Library   01/25/2016 332.45 FLE 0000005077 01/25/2016 01/25/2016 Books